Immunobiology : (Record no. 591)

MARC details
000 -LEADER
fixed length control field 00832pam a2200277 a 4500
001 - CONTROL NUMBER
control field 651807
003 - CONTROL NUMBER IDENTIFIER
control field OSt
005 - DATE AND TIME OF LATEST TRANSACTION
control field 20170215124913.0
008 - FIXED-LENGTH DATA ELEMENTS--GENERAL INFORMATION
fixed length control field 940325s1994 enka 001 0 eng c
010 ## - LIBRARY OF CONGRESS CONTROL NUMBER
LC control number 94011058
020 ## - INTERNATIONAL STANDARD BOOK NUMBER
International Standard Book Number 0815314973
Terms of availability $60.00
020 ## - INTERNATIONAL STANDARD BOOK NUMBER
International Standard Book Number 0815316917
Terms of availability $33.95
040 ## - CATALOGING SOURCE
Original cataloging agency DNLM/DLC
Transcribing agency DLC
Modifying agency DLC
050 00 - LIBRARY OF CONGRESS CALL NUMBER
Classification number QR181
Item number .J37 1994
060 10 - NATIONAL LIBRARY OF MEDICINE CALL NUMBER
Classification number QW504 1994
082 00 - DEWEY DECIMAL CLASSIFICATION NUMBER
Classification number QW504 J253l 1994
Edition number 20
100 1# - MAIN ENTRY--PERSONAL NAME
Personal name Janeway, Charles A.;Travers, Paul
9 (RLIN) 1519
245 10 - TITLE STATEMENT
Title Immunobiology :
Remainder of title the immune system in health and disease
260 ## - PUBLICATION, DISTRIBUTION, ETC. (IMPRINT)
Place of publication, distribution, etc. London ;
Name of publisher, distributor, etc. Garland Pub. Inc.,
Date of publication, distribution, etc. c1994.
300 ## - PHYSICAL DESCRIPTION
Extent 1 v. (various pagings) :
Other physical details col. ill. ;
Dimensions 28 cm.
504 ## - BIBLIOGRAPHY, ETC. NOTE
Bibliography, etc Includes index.
650 #0 - SUBJECT ADDED ENTRY--TOPICAL TERM
Topical term or geographic name as entry element Immunology
9 (RLIN) 1485
650 #0 - SUBJECT ADDED ENTRY--TOPICAL TERM
Topical term or geographic name as entry element Immune diseases
9 (RLIN) 11577
906 ## - LOCAL DATA ELEMENT F, LDF (RLIN)
a 7
b cbc
c orignew
d 1
e ocip
f 19
g y-gencatlg
942 ## - ADDED ENTRY ELEMENTS (KOHA)
Source of classification or shelving scheme Other/Generic Classification Scheme
Koha item type Short Loan
Holdings
Withdrawn status Lost status Source of classification or shelving scheme Damaged status Not for loan Home library Current library Date acquired Source of acquisition Inventory number Total Checkouts Full call number Barcode Date last seen Koha item type
    Other/Generic Classification Scheme     MUST Main Library MUST Main Library 23/10/2014 Donation 01/15587   QW504 J253l 1994 2014-3122 23/10/2014 Short Loan